| Tag |
First Indicator |
Second Indicator |
Subfields |
| LEADER |
00000cam a2200000 a 4500 |
| 001 |
in00000853513 |
| 005 |
20151019072921.0 |
| 008 |
851011s1985 dcubk b f00010 eng d |
| 010 |
|
|
|a gp 86007042
|
| 035 |
|
|
|a (OCoLC)12659809
|
| 035 |
|
|
|9 AEE0900AM
|
| 040 |
|
|
|a ONL
|c ONL
|d GPO
|d UtOrBLW
|
| 043 |
|
|
|a n-us-dc
|
| 074 |
|
|
|a 717-R-1
|
| 086 |
0 |
|
|a J 29.9:NCJ-97982
|z J 29.2:C 86/3
|
| 088 |
|
|
|a NCJ-97982
|
| 100 |
1 |
|
|a Cox, Brenda G.
|
| 245 |
1 |
0 |
|a Criminal victimization of District of Columbia residents and Capitol Hill employees :
|b May 1982-April 1983 /
|c by Brenda G. Cox, James J. Collins.
|
| 264 |
|
1 |
|a Washington, D.C. :
|b U.S. Dept. of Justice, Bureau of Justice Statistics,
|c [1985]
|
| 300 |
|
|
|a vii, 90 pages :
|b 1 map, forms ;
|c 28 cm.
|
| 336 |
|
|
|a text
|b txt
|2 rdacontent
|
| 337 |
|
|
|a unmediated
|b n
|2 rdamedia
|
| 338 |
|
|
|a volume
|b nc
|2 rdacarrier
|
| 500 |
|
|
|a "This report was prepared by the Research Triangle Institute for the Bureau of Justice Statistics, U.S. Department of Justice, under contracts OJARS-83-C-002 and OJP-85-C-003."--P. ii.
|
| 500 |
|
|
|a Shipping list number: 85-881-P.
|
| 500 |
|
|
|a "September 1985."
|
| 504 |
|
|
|a Bibliography: page 44.
|
| 500 |
|
|
|a "NCJ-97982."
|
| 650 |
|
0 |
|a Criminal statistics
|z Washington (D.C.)
|
| 650 |
|
0 |
|a Victims of crimes
|z Washington (D.C.)
|
| 650 |
|
0 |
|a Victims of crimes
|z Washington (D.C.)
|z Capitol Hill.
|
| 700 |
1 |
|
|a Collins, James J.,
|d 1936-
|
| 710 |
1 |
|
|a United States.
|b Bureau of Justice Statistics.
|
| 710 |
2 |
|
|a Research Triangle Institute.
|
| 999 |
|
|
|a MARS
|
| 999 |
f |
f |
|s 83c6e766-a6ca-3ee4-b088-c3ad735ce4ea
|i 9208f8cc-e677-367b-abd8-e111c6fb78b2
|t 0
|
| 952 |
f |
f |
|p normal
|a Texas A&M University
|b College Station
|c Sterling C. Evans Library
|d Evans: US Documents (Annex 5th floor)
|t 0
|e J 29.9:NCJ-97982
|h Superintendent of Documents classification
|i unmediated -- volume
|m A14818280572
|
| 998 |
f |
f |
|a J 29.9:NCJ-97982
|t 0
|l Evans: US Documents (Annex 5th floor)
|